[Event "Krapina op 10th"]
[Site "Krapina"]
[Date "2020.01.18"]
[Round "5"]
[White "Mlinaric, Simun"]
[Black "Vincelj, Leopold"]
[Result "1/2-1/2"]
[WhiteElo "1422"]
[BlackElo "1630"]
[PlyCount "68"]
[EventDate "2020.01.16"]
[EventType "swiss"]
[EventRounds "7"]
[EventCountry "CRO"]
[SourceTitle "CBM 194 Extra"]
[Source "ChessBase"]
[SourceDate "2020.03.31"]
[SourceVersion "1"]
[SourceVersionDate "2020.03.31"]
[SourceQuality "1"]

1. d4 e6 2. Nf3 b6 3. e3 Bb7 4. Be2 Nf6 5. 0-0 c5 6. b3 Qc7 7. Bb2 Be7 8. Nbd2 0-0 9. c4 d6 10. Qc2 Na6 11. a3 Qc6 12. Bc3 Nc7 13. b4 a6 14. Bd3 Qd7 15. Rfb1 Bc6 16. e4 g6 17. d5 Ba4 18. Qb2 e5 19. Bc2 Bxc2 20. Qxc2 Rfb8 21. bxc5 bxc5 22. Rxb8+ Rxb8 23. Rb1 Rxb1+ 24. Qxb1 Nfe8 25. Qb3 Kg7 26. h3 Bf6 27. Ne1 g5 28. g4 Kg6 29. Ng2 h5 30. f3 h4 31. Ne3 Qc8 32. Nf5 Bd8 33. Ba5 Qd7 34. Kg2 Kf6 1/2-1/2

[Event "Krapina op 9th"]
[Site "Krapina"]
[Date "2019.01.20"]
[Round "7"]
[White "Vincelj, Leopold"]
[Black "Spoljar, Krunoslav"]
[Result "0-1"]
[WhiteElo "1609"]
[BlackElo "1740"]
[PlyCount "80"]
[EventDate "2019.01.17"]
[EventType "swiss"]
[EventRounds "7"]
[EventCountry "CRO"]
[SourceTitle "CBM 188 Extra"]
[Source "ChessBase"]
[SourceDate "2019.02.26"]
[SourceVersion "1"]
[SourceVersionDate "2019.02.26"]
[SourceQuality "1"]

1. e4 e6 2. d4 d5 3. e5 c5 4. Nf3 cxd4 5. Nxd4 Nc6 6. c3 Nxe5 7. Bf4 Ng6 8. Bg3 Bd6 9. Bb5+ Kf8 10. Bd3 Bxg3 11. hxg3 Ne5 12. Rxh7 Rxh7 13. Bxh7 Nf6 14. Bc2 Qb6 15. b3 Nc6 16. a4 Nxd4 17. Qxd4 Qxd4 18. cxd4 Bd7 19. Na3 Ke7 20. Ke2 Rc8 21. Kd2 a6 22. f3 Nh5 23. g4 Nf6 24. Rh1 Rg8 25. g5 Ne8 26. f4 f6 27. g6 f5 28. Rh5 Nf6 29. Rg5 Rh8 30. Nb1 Ne4+ 31. Bxe4 dxe4 32. Ke3 Rc8 33. Kd2 Rh8 34. Nc3 Bc6 35. d5 Bd7 36. Ke3 Kf6 37. Kd4 e5+ 38. Ke3 exf4+ 39. Kxf4 Rh4+ 40. g4 Rh3 0-1

[Event "Krapina op 7th"]
[Site "Krapina"]
[Date "2017.01.15"]
[Round "7"]
[White "Tretinjak, Dario"]
[Black "Vincelj, Leopold"]
[Result "1-0"]
[WhiteElo "1801"]
[BlackElo "1642"]
[PlyCount "81"]
[EventDate "2017.01.12"]
[EventType "swiss"]
[EventRounds "7"]
[EventCountry "CRO"]
[SourceTitle "CBM 176 Extra"]
[Source "ChessBase"]
[SourceDate "2017.03.02"]
[SourceVersion "1"]
[SourceVersionDate "2017.03.02"]
[SourceQuality "1"]

1. d4 e6 2. c4 b6 3. Nc3 Bb7 4. e4 Be7 5. Nf3 d6 6. Bd3 h6 7. b3 Nd7 8. Bb2 Bf6 9. Rc1 Ne7 10. 0-0 a6 11. Re1 e5 12. dxe5 dxe5 13. Nd5 Bxd5 14. exd5 Ng6 15. Bxg6 fxg6 16. Nxe5 0-0 17. Nxd7 Qxd7 18. Bxf6 gxf6 19. Qd3 Kg7 20. Re6 Rae8 21. Rce1 Rxe6 22. Rxe6 Re8 23. Re3 Rxe3 24. Qxe3 f5 25. f4 Kf7 26. Qe5 h5 27. h3 Qd6 28. Kh2 a5 29. Kg3 Qd7 30. Kf3 Qd6 31. Qxd6 cxd6 32. h4 Ke7 33. Ke3 Kd7 34. Kd4 Kc7 35. a3 Kb7 36. b4 axb4 37. axb4 Kc7 38. c5 b5 39. cxd6+ Kxd6 40. g3 Kd7 41. Kc5 1-0

[Event "Krapina op 6th"]
[Site "Krapina"]
[Date "2016.01.21"]
[Round "1"]
[White "Vincelj, Leopold"]
[Black "Babic, Dalibor"]
[Result "0-1"]
[WhiteElo "1667"]
[BlackElo "1685"]
[PlyCount "82"]
[EventDate "2016.01.21"]
[EventType "swiss"]
[EventRounds "7"]
[EventCountry "CRO"]
[SourceTitle "CBM 170 Extra"]
[Source "ChessBase"]
[SourceDate "2016.02.25"]
[SourceVersion "1"]
[SourceVersionDate "2016.02.25"]
[SourceQuality "1"]

1. e4 c5 2. c3 e6 3. Nf3 g6 4. d4 d5 5. exd5 Qxd5 6. Be2 Bg7 7. dxc5 Qxc5 8. Be3 Qe7 9. Nbd2 Nf6 10. Nb3 Nbd7 11. Na5 0-0 12. Nc4 Nd5 13. Bc1 b5 14. Na5 Qc5 15. 0-0 Qb6 16. Nb3 Bb7 17. Nfd4 a6 18. Bf3 Ne5 19. Bxd5 Bxd5 20. Be3 Qb7 21. Nc5 Qe7 22. Ncb3 Rfd8 23. Qc2 Rac8 24. a3 Qh4 25. f3 Nc4 26. Bf2 Qg5 27. Qc1 Qh5 28. Rb1 Bh6 29. Qe1 Bf4 30. Bg3 Bh6 31. Bf2 Ne5 32. Bg3 Nd3 33. Qd1 Bc4 34. f4 Qxd1 35. Rfxd1 Nxf4 36. Bf2 e5 37. Na5 exd4 38. Nxc4 bxc4 39. cxd4 c3 40. bxc3 Ne2+ 41. Kf1 Nxc3 0-1

[Event "Krapina op"]
[Site "Krapina"]
[Date "2011.07.16"]
[Round "9"]
[White "Vincelj, Leopold"]
[Black "Kerman, Josip"]
[Result "1-0"]
[WhiteElo "1625"]
[BlackElo "1755"]
[PlyCount "139"]
[EventDate "2011.06.29"]
[EventType "swiss"]
[EventRounds "9"]
[EventCountry "CRO"]
[SourceTitle "EXT 2012"]
[Source "ChessBase"]
[SourceDate "2011.11.24"]
[SourceVersion "1"]
[SourceVersionDate "2011.11.24"]
[SourceQuality "1"]

1. e4 c5 2. Nf3 Nc6 3. d4 cxd4 4. Nxd4 Nf6 5. Nc3 a6 6. Be2 e6 7. a3 Be7 8. 0-0 Qc7 9. Nxc6 bxc6 10. Bf3 Bb7 11. Re1 e5 12. Rb1 0-0 13. Bg5 Rfe8 14. Qd2 Rad8 15. Qe2 h6 16. Bh4 Nh7 17. Bxe7 Rxe7 18. g3 d5 19. h4 d4 20. Na2 c5 21. Rbd1 Bc8 22. c4 Qa5 23. Qd3 Be6 24. Be2 Nf6 25. b4 Qc7 26. Rd2 Qc6 27. f3 Nd7 28. Qb3 Rb8 29. Qc2 g6 30. a4 f5 31. b5 Qa8 32. Nc1 a5 33. Nb3 Qa7 34. Nc1 Nb6 35. Bd3 Rf7 36. Nb3 Rc8 37. Rc1 Qa8 38. Rf2 f4 39. g4 Ra7 40. Rg2 Nxa4 41. Nxd4 exd4 42. Qxa4 Qb8 43. Ra1 Qb6 44. Qd1 g5 45. h5 Qc7 46. Ra4 Qf7 47. Qe1 Rb8 48. Rc2 Qd7 49. Rg2 Qf7 50. e5 Kh8 51. Qe4 Qh7 52. Qe2 Qg7 53. Qe4 Bg8 54. Qc6 Rc7 55. Qd6 Re8 56. Re2 Re6 57. Qd8 Rxe5 58. Rxa5 Rxe2 59. Bxe2 Qe5 60. Ra2 Qe7 61. Ra8 Qxd8 62. Rxd8 Kg7 63. Rb8 Be6 64. b6 Rc8 65. Rxc8 Bxc8 66. Bd3 Kf8 67. Be4 Ke7 68. b7 Bxb7 69. Bxb7 d3 70. Kf2 1-0